| 000 | 00692nam a22002297a 4500 | ||
|---|---|---|---|
| 005 | 20170124110044.0 | ||
| 010 | _aA-463804 | ||
| 020 | _c00.00 | ||
| 035 | _aA-463804 | ||
| 037 | _bCen Lib/Ret | ||
| 040 |
_aDPL _bEN |
||
| 082 |
_a840.9 _bNAR |
||
| 100 |
_aNarang, Gopi Chand _924288 |
||
| 245 |
_aUrdu language and literature : _cby Gopi Chand Narang _bcritical perspective / |
||
| 260 |
_aNew Delhi _bSterling publishing house _c1991 |
||
| 270 |
_bNew Delhi _aConnaught circus _e110001 |
||
| 300 |
_a224p. _c21cm(Hb) |
||
| 500 | _aIncludes index | ||
| 650 |
_aIndian literature _9101848 |
||
| 650 |
_aUrdu literature _9101849 |
||
| 942 |
_2ddc _cEN _h840.9 _mNAR |
||
| 999 |
_c128743 _d128743 |
||